000 00334 a2200109 4500
001 ART_55576
005 20260410161609.0
008 260409a
245 1 0 _aEn torno a la docencia de la contabilidad
100 1 _aTua Pereda, Jorge
773 0 _tProfesional & Empresaria
_g- Año XXIII, Nº 271 (abr. 2022)
_wREV70
999 _c10480
_d10480